MDQL
is popping MORE tags! Check the
thread
!
Quizzes
Events
Quiz Creation
Community
Videos
Private Events
Remove Ads
Sign In
Join for FREE
Feedback
Dark Mode
Quiz Categories
Sports
Geography
Music
Movies
Television
Just For Fun
Miscellaneous
History
Literature
Language
Science
Gaming
Entertainment
Religion
Holiday
For Kids
Quiz Lab
Recent
Popular Today
Quiz Kudos Today
Editor Picks
Curator Picks
Quizzes by...
Day
Popularity
Type
Ratings
Length
Year
Community
Subscriptions
Recent Discussions
Orange Saloon
Badges
Playlists
Quests
Create
Leaderboards
Showdown
Live 5
Trivia Bingo
Activity
Puzzle Library
Sporcle Events
Private Events
Virtual Trivia
Globe League
Become a Host
Pub Owners
SporcleCon
Opinionation
Our Games
Videos
Blog
Mobile Apps
Partnerships
Remove Ads and Go Orange
Feedback
Sports
Athletes
MLB
NBA
NHL
NFL
Soccer
Sports Teams
WWE
NCAA
Football
Premier League
Basketball
Baseball
Hockey
Golf
Tennis
Cricket
Rugby
Auto Racing
Olympics
World Cup
Sports
Athletes
MLB
NBA
NHL
NFL
Soccer
Sports Teams
WWE
NCAA
Football
Premier League
Basketball
Baseball
Hockey
Golf
Tennis
Cricket
Rugby
Auto Racing
Olympics
World Cup
Random Quiz
Search Sporcle
×
Quiz Lab
Quiz Lab
Sports
2013
Type in answers that appear in a list
Type in answers that appear in a list
Classic
Best Score? Go Orange.
January Transfers 2013 Stats
Can you name the Premier league transfers of January 2013?
By
Springy3200
7m
45 Questions
73 Plays
73 Plays
73 Plays
Comments
Comments
Give Quiz Kudos
Give Quiz Kudos
-
- Ratings
hide this ad
More Info
Replay
Link that replays current quiz
Next Quiz
Link to next quiz in quiz playlist
You Got
0%
They Got
Avg Score
32%
Avg Friend Score
Upgrade to see
Score Distribution
Jump to the score distribution portion of the page
Score
0/45
Timer
07:00
0
Plays Today
Clubs Envolved
Player
% Correct
NEWCASTLE-
CHELSEA
Demba Ba
93.2%
Malaga-
ARSENAL
Nacho Monreal
90.5%
Crystal Palace-
MANCHESTER UNITED
Wilfred Zaha
89.6%
MANCHESTER UNITED-
Crystal Palace
Wilfred Zaha
89.6%
CHELSEA-
LIVERPOOL
Daniel Sturridge
80.8%
Inter-
Liverpool
Phillipe Coutinho
69%
Lille-
Newcastle
Mathieu Debuchy
67.1%
Toulouse-
Newcastle
Moussa Sissoko
64.6%
Marseille-
QPR
Loic Remy
62.7%
LIVERPOOL-
West Ham
Joe Cole
60.3%
Shalke `04-
Tottenham
Lewis Holtby
59.5%
Montpellier-
NEWCASTLE
Mapou Yanga-Mbiwa
58.3%
ARSENAL-
West Ham
Marouane Chamakh
56.2%
TOTTENHAM -
QPR
Jermaine Jenas
54.8%
SWANSEA-
SUNDERLAND
Danny Graham
54.8%
ARSENAL-
Fulham
Emmanuel Frimpong
54.2%
AC Milan-
Fulham
Urby Emanuelson
52.4%
Birmingham-
STOKE
Jack Butland
50%
STOKE-
Birmingham
Jack Butland
50%
Tottenham-
QPR
Andros Townsend
47.6%
Barnsley to EVERTON
John Stones
47.6%
Leeds-
NORWICH
Luciano Becchio
47.6%
MANCHESTER UNITED-
WIGAN
Angelo Henriquez
45.2%
Clubs Envolved
Player
% Correct
Clermont Foot-
ASTON VILLA
Yacouba Sylla
40.5%
Dallas-
Stoke
Brek Shea
38.1%
Sheffield Utd-
READING
Nick Blackman
31%
Anzhi Makhachkala -
QPR
Chris Samba
31%
FULHAM-
READING
Stephen Kelly
29.4%
QPR*
Tal Ben Haim
28.8%
Hamburg-
Wigan
Paul Scharner
28.6%
Standard Liege-
TOTTNEHAM
Zeki Fryers
28.1%
PSV-
Fulham
Stanuslav Manolev
26.2%
Atletico Madrid/
Wigan
Joel Robles
26%
Sporting Kansas City-
Wigan
Roger Espinoza
24.7%
FC Twente-
FULHAM
Chris David
24.6%
Bursapor-
Sunderland
Alfred N'Diaye
23.6%
Crawley-
READING
Hope Akpan
21.8%
Cruziero-
West Ham
Wellington Paulista
21.8%
Chunnam Dragons-
QPR
Yun Suk-Young
21.4%
Bordeaux-
Newcastle
Yoan Gouffran
18.8%
Al Hilal-
Sunderland
Kader Mangane
17.6%
Servette-
Newcastle
Kevin Mbabu
14.3%
Nancy-
Newcastle
Massadio Haidara
12.5%
Waterford United -
WEST HAM
Sean Maguire
7%
MANCHESTER CITY*
Godsway Donyoh
2.4%
Quiz Playlist
Details
Report
Send in Message
Add To Playlist
More Info:
* signifies the player being unnattached before the club signed him.
Classic:
Type in answers that appear in a list
Quiz Source
Last Updated: Feb 16, 2017
Quiz Scoreboard
CHALLENGE
Sign Up to Join the Scoreboard
Show All
Scores
Hide
Comments
May contain spoilers
Recently Published
Find the 'City' Movie
by crazypaving
Movies
60s
5x2 Blitz: Bands
by SL_Kpop136
Music
30s
Colored Red Africa Blitz
by spor1
Geography
30s
More to Explore
Quiz From the Vault
Featured Blog Post
14 Easter Pick-up Lines to Find Eggs With
hide this ad
You Might Also Like...
Tags
2013
club
January
League
Player
Premier
Transfer
Today's Top Quizzes in Sports
Browse Sports
hide this ad
Today's Top Quizzes in 2013
Browse 2013
Top Contributed Quizzes in Sports
1
Players with Multiple 50 Home Run Seasons
2
Who Needs Fielders?
3
Criteria MLB: Left Handed Sluggers
4
MLB Players with Two .350 Batting Average Seasons
5
Who Hit More Homers?
6
2020 F1 Drivers Logic Puzzle
7
NBA Teammate Connections
8
Premier League Clubs since 2000 (minefield)
9
MLB Teams by First Game
10
Top 10 NHL Goal Scorers of All Time
Explore More
Trending Topics
NBA
Crossword
Harry Potter
Disney
Marvel
Kpop
Anime
NFL
WWE
The Office
Puzzle
Country
Song
Soccer
Pokémon
hide this ad
More By:
Springy3200
Quiz
Plays
Rating
Category
Featured
Created
Liverpools Rubbish Transfers of 2011/12
5,055
1.88
Sports
Dec 11, 2012
Premier League Top Goals and Assists 2012-13
252
4.25
Sports
Dec 19, 2012
Countries Beginning with `Q`
194
2.38
Geography
Jan 4, 2013
Soccer Player Anagrams of players in Europe
189
3.00
Literature
Dec 14, 2012
Manchester United Premier League goal scorers 2011-12
159
4.33
Sports
Dec 11, 2012
Go to Creator's Profile
Score Distribution
Quiz Creator Spotlight
Springy3200
Follow
Send a Message
Quizzes Created
-
Created Quiz Play Count
-
More By This Creator
Popular Quizzes Today
1
5x2 Blitz: Bands
2
Find the 'City' Movie
3
Colored Red Africa Blitz
4
Find the US States - No Outlines Minefield
5
The Countries of the World
6
Find the US States
7
9x9 Crossword: Cartoon Network
8
US States
More Sports Quizzes
MLB World Series Minefield (2010s)
Published
Trending Quizzes
Colored Red Africa Blitz II
Colored Red Europe Blitz I
Christmas Pick: Judaism
Colored Red Africa Blitz III
Colored Red Europe Blitz II
Recently Updated
Champions League XIs: Real Madrid
pecheneg
Largest US Cities 1790-2010
pecheneg
Rides in Walt Disney World
pecheneg
Most Oscar Losses (Acting)
pecheneg
Beyoncé Albums
pecheneg
Leaping Animals
pecheneg
Reality TV Shows (A-Z)
bhenderson79
Rickey Henderson's Hall of Fame Teammates
pecheneg
Champions League XIs: Arsenal
pecheneg
Quick Pick: Celebrities in WWE's Hall of Fame
aduchscher
Trending Topics
Anime
Harry Potter
Crossword
Marvel
Disney
Kpop
NBA
Country
Puzzle
WWE
NFL
Pokémon
The Office
Soccer
Song
Your Account Isn't Verified!
In order to create a playlist on Sporcle, you need to verify the email address you used during registration. Go to your
Sporcle Settings
to finish the process.
Report this User
Report this user for behavior that violates our
Community Guidelines
.
Details:
Send Report
Go to the Sporcle.com Mobile Site →
Comments